banner

Fisioterapia en rehabilitación funcional / (Registro nro. 768)

000 -LEADER
fixed length control field 01395nam a2200253 a 4500
003 - CONTROL NUMBER IDENTIFIER
control field AR-BaISA
005 - DATE AND TIME OF LATEST TRANSACTION
control field 20220224145209.0
006 - FIXED-LENGTH DATA ELEMENTS--ADDITIONAL MATERIAL CHARACTERISTICS
fixed length control field a|||||r|||| 00| 0
007 - PHYSICAL DESCRIPTION FIXED FIELD--GENERAL INFORMATION
fixed length control field ta
008 - FIXED-LENGTH DATA ELEMENTS--GENERAL INFORMATION
fixed length control field 220224s2021 ag ado|| |||| 000 0bspa d
020 ## - INTERNATIONAL STANDARD BOOK NUMBER
International Standard Book Number 978975704596
040 ## - CATALOGING SOURCE
Language of cataloging spa
Transcribing agency AR-BaISA
082 04 - DEWEY DECIMAL CLASSIFICATION NUMBER
Edition number 22
Classification number 615.82 B279
100 1# - MAIN ENTRY--PERSONAL NAME
9 (RLIN) 1830
Personal name Barroca, Enrique
Relator term aut.
245 10 - TITLE STATEMENT
Title Fisioterapia en rehabilitación funcional /
Statement of responsibility, etc. Enrique Barroca
260 ## - PUBLICATION, DISTRIBUTION, ETC.
Place of publication, distribution, etc. Buenos Aires:
Name of publisher, distributor, etc. Akadia,
Date of publication, distribution, etc. 2021
300 ## - PHYSICAL DESCRIPTION
Extent 489 p.:
Other physical details il., graf., fot.
504 ## - BIBLIOGRAPHY, ETC. NOTE
Bibliography, etc. note Bibliografía p.: [487]-489
505 ## - FORMATTED CONTENTS NOTE
Title FISIOTERAPIA:
-- Radiaciones infrarrojas --
-- Radiaciones ultravioletas (RUV) --
-- Radiación L.A.S.E.R. --
-- Alta frecuencia --
-- Microondas --
-- Radio-Frecuencia --
-- Magnetoterapia --
-- Termoterapia --
-- Ultrasonidos --
-- Ondas de choque --
-- Aeropresión --
-- ELECTROTERAPIA:
-- Electricidad y electrónica --
-- Corriente galvánica --
-- Iontoforesis --
-- Electro-biológicas --
-- Electrodiagnóstico --
-- Electromiovaluación --
-- Electroestimulación Selectiva Neuromuscular --
-- Electrogimnasia --
-- Electroanalgesia --
-- Latrogenia en electrofisiatría --
-- Accidentología --
-- CLIMATOTERAPIA:
-- Climatoterapia --
-- Talasoterapia --
-- Hidrología médica --
-- Hidroterapia --
-- Termalismo
650 14 - SUBJECT ADDED ENTRY--TOPICAL TERM
9 (RLIN) 1206
Topical term or geographic name entry element Fisioterapia
650 14 - SUBJECT ADDED ENTRY--TOPICAL TERM
9 (RLIN) 1782
Topical term or geographic name entry element Rehabilitación
650 14 - SUBJECT ADDED ENTRY--TOPICAL TERM
9 (RLIN) 50
Topical term or geographic name entry element Kinesiología
942 ## - ADDED ENTRY ELEMENTS (KOHA)
Source of classification or shelving scheme
Koha item type Libros
Edition 22
Existencias
Withdrawn status Lost status Source of classification or shelving scheme Damaged status Not for loan Permanent Location Current Location Date acquired Inventory number Total Checkouts Full call number Barcode Date last seen Date last checked out Copy number Price effective from Koha item type Checked out
          Biblioteca ISALUD. Dr. Néstor Rodríguez Campoamor Biblioteca ISALUD. Dr. Néstor Rodríguez Campoamor 2022-02-24 4288 1 615.82 B279 4288 2024-06-27 2024-06-26 ej. 1 2022-02-24 Libros  
          Biblioteca ISALUD. Dr. Néstor Rodríguez Campoamor Biblioteca ISALUD. Dr. Néstor Rodríguez Campoamor 2022-02-24 4289 3 615.82 B279 4289 2026-04-07 2026-04-07 ej. 2 2022-02-24 Libros 2026-04-15